Alle Pokémon von "Jesse & James" - Statistiken

Allgemein
  • Dieses Quiz wurde 60 mal gespielt
  • Das Durchschnittsergebnis liegt bei 19 aus 59
Antwortstatistiken
Attacken
(falls bekannt)
Typ Pokémon % Korrekt
Giftblick / Toxin / RisikotackleTackle / Kopfnuss Arbok
95%
Kratzer / Kratzfurie / BissGiga - Münzregen Mauzi
95%
Konter / Giftwolke / TackleDunkelnebel Smogmog
95%
Smog / Rauchwolke / Schlammbad Smogon
93%
Biss / Schaufler / Wickel / SäureGiftstachel Rettan
88%
Konter / Spiegelcape 🧠 Woingenau
74%
Rankenhieb / Lockduft / RasierblattSchwerttanz / Giftpuder 🌿 +☠ Sarzenia
70%
Nadelrakete / NietenrankeSandsturm / Ableithieb 🌿 Tuska
65%
Tackle / Schlafpuder / Wickel 🌿 + ☠ Ultrigaria
63%
Geschenk / Fliegen / Blizzard ❄ +🐦 Botogel
56%
Schlecker / Klammergriff /SlamTackle / Superschall / Stampfer Schlurp
53%
Biss / Kugelsaat / Energieball Klammergriff / Rankenhieb 🌿 Venuflibis
53%
Wickel / Vitalglocke / ErstaunerRisikotackle 🧠 Palimpalim
51%
Psystrahl / GiftstachelWirbelwind / Stachelspore 🐞 + ☠ Pudox
51%
Giftschweif / Dunkelnebel / BissWickel / Matschbombe Vipitis
47%
Fadenschuss / Tackle 🐞 Waumpel
47%
Egelsamen / Spukball 👻 + 🌿 Irrbis
40%
Härtner 🐞 Panekon
40%
Spukball / Dunkelklaue / KnuddlerHolzhammer Herzliche Knuddelkloppe 👻 + 🧚🏼‍♂️ Mimigma
37%
Mimikry / SpaßkanoneTaumeltanz 🧠 + 🧚🏼‍♂️ Pantimimi
37%
Platscher 💧 Karpador
35%
Donnerblitz / Donner Pikachu
35%
Tackle / Psystrahl / Schmarotzer 🌜 + 🧠 Iscalar
33%
Kugelsaat / Giftstachel / FinteZerschneider / Nadelrakete Nietenranke / Baumwollsaat 🌿 + 🌜 Noktuska
30%
Rasierblatt / Tackle / RankenhiebSolarstrahl 🌿 +☠ Bisaflor
28%
Matschbombe / Dornkanone ☠ + 💧 Garstella
28%
Dunkelnebel / SpukballIrrlicht / Nachtnebel 👻 Makabaja
28%
Finale Voltobal
28%
Drachenwut 💧 + 🐦 Garados
26%
Frustration / SamenbombenFinsteraura 👻 + 🌿 Pumpdjinn
26%
Schädelwumme / Hydropumpe Blubber / Panzerschutz 💧 Turtok
23%
Luftschnitt / Windstoß Kraftreserve 🧠 + 🐦 Fleknoil
21%
Aura - Rad / Fruststampfer ⚡ + 🌜 Morpeko
21%
Ultraschall / FlügelschlagRuckzuckhieb 🐞 + 🐦 Yanma
21%
Stahlflügel / SilberhauchAntik - Kraft 🐞 + 🐦 Yanmega
21%
Flammenwurf / Schaufler 🔥 Fukano
19%
Flammenwurf 🔥 +🐦 Glurak
19%
Bitterkuss ❄ + 🧠 Kussilla
19%
Weißnebel / PsychokineseBlubbstrahl / Spukball 💧 + 👻 Quabbel
19%
Rankenhieb 🌿 +☠ Bisaknosp
16%
Stachelspore / BodyslamKraftreserve / Energieball Pilzspore 🌿 + ☠ Hutsassa
16%
Megakick / Turmkick 👊 Kicklee
16%
Giftstachel / Gifthieb / Durchbruch ☠ + 👊 Glibunkel
14%
Krabbhammer / Härtner / Blubber 💧 Kingler
14%
Eisstrahl / Schnapper 💧 Muschas
12%
Donner / Irrlicht / FrustrationFolterknecht / Kreideschrei 👻 Banette
9%
Schärfer Porygon
9%
🏜 + ⛰ Rizeros
9%
✳ +🐦 Taubsi
9%
Karateschlag 👊 Machomei
7%
👊 Menki
7%
🔥 + 🏜 Camaub
5%
Kratzer / Sternschauer / Kratzfurie Power - Punch / Doppelteam Griffel
5%
💧 + 🧠 Starmie
5%
🚃 + 🧚🏼‍♂️ Flunkifer
2%
Gesang Heiteira
2%
🏜 Hippoterus
2%
Aquawelle / Hyperstrahl Megahieb 🚃 + ⛰ Stolloss
2%
🌿 + 🐦 Hoppspross
0%
Keine übereinstimmenden Quizze gefunden
Verteilung der Resultate
Anzahl Personen mit jedem Resultat
Perzentil nach korrekt beantworteten Fragen
Ihre Resultats-Entwicklung
Sie haben dieses Quiz noch nicht gespielt